<?xml version="1.0" encoding="UTF-8"?>
<record
    xmlns:xsi="http://www.w3.org/2001/XMLSchema-instance"
    xsi:schemaLocation="http://www.loc.gov/MARC21/slim http://www.loc.gov/standards/marcxml/schema/MARC21slim.xsd"
    xmlns="http://www.loc.gov/MARC21/slim">

  <leader>02164cam a2200313 a 4500</leader>
  <controlfield tag="001">12450194</controlfield>
  <controlfield tag="005">20210414114446.0</controlfield>
  <controlfield tag="008">990426s1999    enk      b    001 0 eng  </controlfield>
  <datafield tag="010" ind1=" " ind2=" ">
    <subfield code="a">  2001409321</subfield>
  </datafield>
  <datafield tag="020" ind1=" " ind2=" ">
    <subfield code="a">0140241132 (pbk.)</subfield>
  </datafield>
  <datafield tag="035" ind1=" " ind2=" ">
    <subfield code="a">(UkLWHE)b000008768</subfield>
  </datafield>
  <datafield tag="040" ind1=" " ind2=" ">
    <subfield code="a">DLC</subfield>
    <subfield code="c">DLC</subfield>
  </datafield>
  <datafield tag="043" ind1=" " ind2=" ">
    <subfield code="a">e------</subfield>
  </datafield>
  <datafield tag="050" ind1="0" ind2="0">
    <subfield code="a">KJE947.W42</subfield>
  </datafield>
  <datafield tag="100" ind1="1" ind2=" ">
    <subfield code="a">Weatherill, Stephen,</subfield>
    <subfield code="d">1961-</subfield>
  </datafield>
  <datafield tag="245" ind1="1" ind2="0">
    <subfield code="a">EU law. /</subfield>
    <subfield code="c">Stephen Weatherill &amp; Paul Beaumont.</subfield>
  </datafield>
  <datafield tag="250" ind1=" " ind2=" ">
    <subfield code="a">3rd ed.</subfield>
  </datafield>
  <datafield tag="260" ind1=" " ind2=" ">
    <subfield code="a">London :</subfield>
    <subfield code="b">Penguin,</subfield>
    <subfield code="c">1999.</subfield>
  </datafield>
  <datafield tag="300" ind1=" " ind2=" ">
    <subfield code="a">clxxiii, 1132 p. :</subfield>
    <subfield code="c">22 cm.</subfield>
  </datafield>
  <datafield tag="500" ind1=" " ind2=" ">
    <subfield code="a">"The essential guide to the legal workings of the European Union"--Cover.</subfield>
  </datafield>
  <datafield tag="500" ind1=" " ind2=" ">
    <subfield code="a">Includes bibliographical references (p. 1071-1106) and index.</subfield>
  </datafield>
  <datafield tag="505" ind1=" " ind2=" ">
    <subfield code="a">Contents: The Development of the European union -- Commission -- Council -- European parliament -- EC legislation -- Court of justice -- Actions against member states -- Judicial review of EC acts -- Article 234 (ex 177): Preliminary rulings -- miscellaneous aspects of the court's jurisdiction -- Direct effect of community law and actions for damages against member states -- Supremacy of EC law -- Article 25 (ex 12): The abolition of custom duties -- Article 90 (ex 95): Prohibition on discriminatory internal taxation -- Article 28 (ex 30): Prohibition on quantitive restrictions -- Article 30 (ex 36) -- Cassis de dijon and the development of article 28 (ex 30) -- The Free movement of workers -- Freedom of establishment and the free movement of services -- Social policy -- Free movement of capital and economic and monetary union -- Article 81 (ex 85): Cartels and restrictive practices -- Article 82 (ex 86): Abuse of a dominant position -- Enforcement of competition law -- Law of mergers -- Intellectual property -- State intervention in the market -- Environmental and consumer protection -- Postscripts -- Appendix: EC legislation -- Select further reading -- Select bibliography.</subfield>
  </datafield>
  <datafield tag="650" ind1=" " ind2="0">
    <subfield code="a">Law</subfield>
    <subfield code="z">European Union countries.</subfield>
  </datafield>
  <datafield tag="700" ind1="1" ind2=" ">
    <subfield code="a">Beaumont, Paul</subfield>
  </datafield>
  <datafield tag="700" ind1="1" ind2=" ">
    <subfield code="t">EC law.</subfield>
  </datafield>
  <datafield tag="906" ind1=" " ind2=" ">
    <subfield code="a">0</subfield>
    <subfield code="b">ibc</subfield>
    <subfield code="c">origres</subfield>
    <subfield code="d">2</subfield>
    <subfield code="e">ncip</subfield>
    <subfield code="f">20</subfield>
    <subfield code="g">y-gencatlg</subfield>
  </datafield>
  <datafield tag="942" ind1=" " ind2=" ">
    <subfield code="2">lcc</subfield>
    <subfield code="c">BK</subfield>
  </datafield>
  <datafield tag="999" ind1=" " ind2=" ">
    <subfield code="c">5509</subfield>
    <subfield code="d">13009</subfield>
  </datafield>
  <datafield tag="952" ind1=" " ind2=" ">
    <subfield code="0">0</subfield>
    <subfield code="1">0</subfield>
    <subfield code="2">lcc</subfield>
    <subfield code="4">0</subfield>
    <subfield code="7">0</subfield>
    <subfield code="a">WIUC-1</subfield>
    <subfield code="b">WIUC-1</subfield>
    <subfield code="c">LL</subfield>
    <subfield code="d">2015-05-15</subfield>
    <subfield code="l">0</subfield>
    <subfield code="o">KJE947.W42</subfield>
    <subfield code="p">031/15</subfield>
    <subfield code="r">2015-05-15 00:00:00</subfield>
    <subfield code="w">2015-05-15</subfield>
    <subfield code="y">BK</subfield>
  </datafield>
</record>
